000
00318nam a2200145 4500
008
190521s2006||||xo d
245
1
0
_a
Skrytá mystéria
260
_b
Eugenika
_a
BA
_c
2006
250
_a
2.vydanie
300
_a
170s.
020
_a
8088913519
_c
0
041
1
_a
slo
044
_a
xo
_c
SK
958
_a
AUL
999
_c
22425
_d
22425